| 000 | 00464nam a2200157 4500 | ||
|---|---|---|---|
| 008 | 0 1961 0a 000 0USA | ||
| 050 | _aTK2712 L5 | ||
| 082 | _a621.313 3 L223a | ||
| 100 | _aLiwschitz-Garik, Michael | ||
| 245 | _aAlternating-Curent Machines | ||
| 250 | _a2 | ||
| 260 | _aUnites States of America : D. Van Nostrand | ||
| 300 | _aXVII, 604 p. / 23cm | ||
| 500 | _aIncluye Índice | ||
| 650 | _a1. MAQUINARIA ELÉCTRICA - CORRIENETE ALTERNA | ||
| 999 |
_c14442 _d14442 |
||